Advanced differential equations : (Record no. 153409)

MARC details
000 -LEADER
fixed length control field 00663nam a22001817a 4500
005 - DATE AND TIME OF LATEST TRANSACTION
control field 20180705105113.0
010 ## - LCCN (DPL NO)
LC control number ENG-123385
020 ## - INTERNATIONAL STANDARD BOOK NUMBER
Terms of availability 795.00
International Standard Book Number 9789352535897
035 ## - SYSTEM CONTROL NUMBER
System control number EN-106917
037 ## - SOURCE OF ACQUISITION
Source of stock number/acquisition DBAD/PUB
082 ## - DEWEY DECIMAL CLASSIFICATION NUMBER
Classification number 515.35
100 ## - MAIN ENTRY--PERSONAL NAME
Personal name Raisinghania, M.D.
245 00 - TITLE STATEMENT
Title Advanced differential equations :
Statement of responsibility, etc by M.D. Raisinghania
Remainder of title [containing, complete unified UGC syllabus for BA/Bsc (general and honours) part II and boundary value problems]
260 ## - PUBLICATION, DISTRIBUTION, ETC. (IMPRINT)
Place of publication, distribution, etc New Delhi
Name of publisher, distributor, etc S. Chand and Company
Date of publication, distribution, etc 2018
270 ## - ADDRESS
Address 7361, Ram Nagar,
City New Delhi
Postal code 110055
300 ## - PHYSICAL DESCRIPTION
Extent various pageing
Dimensions 25cm(pbk)
Other physical details ill.
942 ## - ADDED ENTRY ELEMENTS (KOHA)
Source of classification or shelving scheme Dewey Decimal Classification
Item type English Books
Call number suffix RAI
Classification part 515.35
Holdings
Withdrawn status Lost status Not for loan Collection code Home library Current library Date acquired Source of acquisition Cost, normal purchase price Full call number Barcode Copy number Cost, replacement price Koha item type
      Non-fiction Shahdara Branch Shahdara Branch 05/07/2018 DBAD/PUB 795.00 515.35 RAI EN-106917 1 795.00 English Books

© Delhi Public Library
Hit Counter
free hit counter